000 00874 a2200217 4500
008 240605b mp ||||| |||| 00| 0 mon d
020 _a978-99962-3-661-7
035 _a5076
040 _aHE0623081
_bmon
_cMN-UlNLM
_dMN-UlNLM
_erda
041 _amon
042 _a8630
084 _2NNA
_a81.2Со-4
_bС.556
245 0 _aСолонгос хураангуй толь бичиг
264 _aУБ.
_bМонсудар хэвлэлийн газар
_c2014
300 _a958х.
336 _2rdacontent
_atext
_btxt
337 _2rdamedia
_aunmediated
_bn
338 _2rdacarrier
_avolume
_bnc
650 _aСолонгос Монгол толь бичиг Толь ашиглах заавар Товчилсон үгийн тэмдэглэгээний түлхүүр Солонгос үсгийн цаган толгой Монгол Солонг...
942 _2NNA
_cBK
999 _c877439
_d877496